<?xml version="1.0" encoding="UTF-8"?>
<collection xmlns="http://www.loc.gov/MARC21/slim">
 <record>
  <leader>01772pam a22002658a 4500</leader>
  <controlfield tag="001">00024576</controlfield>
  <controlfield tag="005">20171026081022.0</controlfield>
  <controlfield tag="008">110721s2003                  ||||||Viesd</controlfield>
  <datafield tag="041" ind1="0" ind2="#">
   <subfield code="a">Vie</subfield>
  </datafield>
  <datafield tag="082" ind1="1" ind2="4">
   <subfield code="a">796.807 1</subfield>
   <subfield code="b">GI108TR</subfield>
  </datafield>
  <datafield tag="100" ind1="0" ind2="#">
   <subfield code="a">Nguyễn Văn Chung</subfield>
   <subfield code="e">Chủ biên</subfield>
  </datafield>
  <datafield tag="245" ind1="0" ind2="0">
   <subfield code="b">Dùng cho sinh viên các trường CĐSP</subfield>
   <subfield code="c">Nguyễn Văn Chung; Phạm Hồng Dương, Nguyễn Anh Tú ...</subfield>
   <subfield code="a">Giáo trình võ thuật</subfield>
  </datafield>
  <datafield tag="260" ind1="#" ind2="#">
   <subfield code="a">H.</subfield>
   <subfield code="b">Đại học sư phạm</subfield>
   <subfield code="c">2003</subfield>
  </datafield>
  <datafield tag="300" ind1="#" ind2="#">
   <subfield code="a">385 tr.</subfield>
   <subfield code="c">24 cm.</subfield>
  </datafield>
  <datafield tag="500" ind1="#" ind2="#">
   <subfield code="a">ĐTTS ghi: Bộ giáo dục và đào tạo. Dự án đào tạo giáo viên THCS</subfield>
  </datafield>
  <datafield tag="650" ind1="#" ind2="4">
   <subfield code="a">Giáo trình</subfield>
  </datafield>
  <datafield tag="650" ind1="#" ind2="4">
   <subfield code="a">Võ thuật</subfield>
  </datafield>
  <datafield tag="700" ind1="0" ind2="#">
   <subfield code="a">Nguyễn Anh Tú</subfield>
  </datafield>
  <datafield tag="700" ind1="0" ind2="#">
   <subfield code="a">Phạm Hồng Dương</subfield>
  </datafield>
  <datafield tag="852" ind1="#" ind2="#">
   <subfield code="b">Kho giáo trình</subfield>
   <subfield code="j">KGT.0016659, KGT.0016660, KGT.0016661, KGT.0016662, KGT.0016663, KGT.0016664, KGT.0016665, KGT.0016666, KGT.0016667, KGT.0016668, KGT.0016669, KGT.0016670, KGT.0016671, KGT.0016672, KGT.0016673, KGT.0016674, KGT.0016675, KGT.0016676, KGT.0016677, KGT.0016678, KGT.0016679, KGT.0016680, KGT.0016681, KGT.0016682, KGT.0016683, KGT.0016684, KGT.0016685, KGT.0016686, KGT.0016687</subfield>
  </datafield>
  <datafield tag="852" ind1="#" ind2="#">
   <subfield code="b">Kho mượn</subfield>
   <subfield code="j">KGT.0016659</subfield>
  </datafield>
  <datafield tag="852" ind1="#" ind2="#">
   <subfield code="b">Kho đọc</subfield>
   <subfield code="j">KD.0009556</subfield>
  </datafield>
  <datafield tag="852" ind1="#" ind2="#">
   <subfield code="j">KGT.0016661</subfield>
   <subfield code="j">KGT.0016663</subfield>
   <subfield code="j">KGT.0016664</subfield>
   <subfield code="j">KGT.0016666</subfield>
   <subfield code="j">KGT.0016667</subfield>
   <subfield code="j">KGT.0016671</subfield>
   <subfield code="j">KGT.0016672</subfield>
   <subfield code="j">KGT.0016674</subfield>
   <subfield code="j">KGT.0016675</subfield>
   <subfield code="j">KGT.0016677</subfield>
   <subfield code="j">KGT.0016680</subfield>
   <subfield code="j">KGT.0016682</subfield>
   <subfield code="j">KGT.0016683</subfield>
   <subfield code="j">KGT.0016685</subfield>
   <subfield code="j">KGT.0016659</subfield>
   <subfield code="j">KGT.0016660</subfield>
   <subfield code="j">KGT.0016668</subfield>
   <subfield code="j">KGT.0016669</subfield>
   <subfield code="j">KGT.0016678</subfield>
   <subfield code="j">KGT.0016679</subfield>
   <subfield code="j">KGT.0016687</subfield>
   <subfield code="j">KGT.0016662</subfield>
   <subfield code="j">KGT.0016665</subfield>
   <subfield code="j">KGT.0016670</subfield>
   <subfield code="j">KGT.0016673</subfield>
   <subfield code="j">KGT.0016676</subfield>
   <subfield code="j">KGT.0016681</subfield>
   <subfield code="j">KGT.0016684</subfield>
   <subfield code="j">KGT.0016686</subfield>
   <subfield code="j">KGT.0055146</subfield>
  </datafield>
  <datafield tag="910" ind1=" " ind2=" ">
   <subfield code="d">21/07/2011</subfield>
  </datafield>
  <datafield tag="980" ind1="#" ind2="#">
   <subfield code="a">Trung tâm Học liệu Lê Vũ Hùng, Trường Đại học Đồng Tháp</subfield>
  </datafield>
 </record>
</collection>
